When will the Lands Tribunal discharge or modify a restrictive covenant? (Record no. 34282)

MARC details
000 -LEADER
fixed length control field 01076cab a2200217 4500
001 - CONTROL NUMBER
control field ABS45988
008 - FIXED-LENGTH DATA ELEMENTS--GENERAL INFORMATION
fixed length control field 090401t xxu||||| |||| 00| 0 eng d
035 ## - SYSTEM CONTROL NUMBER
System control number (Sirsi) u56209
041 ## - LANGUAGE CODE
Language code of text/sound track or separate title eng
100 ## - MAIN ENTRY--PERSONAL NAME
Personal name Lewis, M.
245 ## - TITLE STATEMENT
Title When will the Lands Tribunal discharge or modify a restrictive covenant?
260 ## - PUBLICATION, DISTRIBUTION, ETC.
Date of publication, distribution, etc. 10(1) Winter 1991/92, 47-53(7)
350 ## - PRICE (NR) (BK AM CF MU VM SE) [OBSOLETE]
Price 0
490 ## - SERIES STATEMENT
Series statement Property Management
Volume/sequential designation 10(1) Winter 1991/92, 47-53(7)
520 ## - SUMMARY, ETC.
Summary, etc. Discusses the power of the Lands Tribunal under Law of Property Act 1925 s84(1) to modify or discharge a restrictive covenant. Examines the jurisdiction of the Tribunal and its exercise of discretion, before setting out the procedure for making an effective application. Concludes with an examination of trends in Lands Tribunal decisions in certain specific classes of case and an estimation of the chances of success. Extensive reference to caselaw throughout.
650 ## - SUBJECT ADDED ENTRY--TOPICAL TERM
Topical term or geographic name entry element LAW OF PROPERTY ACT 1925 S84(1)
650 ## - SUBJECT ADDED ENTRY--TOPICAL TERM
Topical term or geographic name entry element RESTRICTIVE COVENANTS
690 ## - LOCAL SUBJECT ADDED ENTRY--TOPICAL TERM (OCLC, RLIN)
Topical term or geographic name as entry element PROPERTY LAW AND PRACTICE
942 ## - ADDED ENTRY ELEMENTS (KOHA)
Suppress in OPAC 0
948 ## - LOCAL PROCESSING INFORMATION (OCLC); SERIES PART DESIGNATOR (RLIN)
c (OCLC) 04/03/1997
Holdings
Withdrawn status Lost status Source of classification or shelving scheme Damaged status Not for loan Home library Current library Shelving location Date acquired Total Checkouts Full call number Barcode Date last seen Copy number Price effective from Koha item type
    Dewey Decimal Classification     London London Journal article 14/09/1999   ABS45988 56209-1001 06/08/2019 1 06/08/2019 Journal article